000 00306nam a22001337a 4500
008 180201b xxu||||| |||| 00| 0 eng d
020 _a9780314194558
041 _aeng
080 _a34
100 _a14
101 _aJUR
245 _aContracts: transactions and litigation
_cKuney,G.W
942 _2udc
_cBK
999 _c41435
_d41435